000 00649nam a2200205 i 4500
001 bg
245 0 0 _aSummer School on Failure in Structures :
_bKielce-Ameliówka, June 2-6, 1997.
260 _aKielce :
_bWydaw. Politechniki Świętokrzyskiej,
_c1997.
300 _a341 s. :
_bfot., rys., wykr. ;
_c24 cm.
500 _aNa s. red. i okł. zbędny ISSN.
504 _aBibliogr. przy ref.
650 9 _aNaprężenia i odkształcenia
650 9 _aWytrzymałość materiałów
655 _aMateriały konferencyjne
040 _cBPK
041 0 _aen
080 _a539.3/.6(061.3)
942 _cKS
008 s pl f |000 0 pol
999 _c31666
_d31666
856 _uhttp://koha.tu.koszalin.pl/cgi-bin/koha/opac-detail.pl?biblionumber=31666
_yKatalog online BPK